|
|
|
|
| LEADER |
01512nam a2200325 a 4500 |
| 001 |
26246 |
| 003 |
BD-DhAAL |
| 008 |
121126s2013 maua 001 0 eng d |
| 010 |
|
|
|a 2011038674
|
| 020 |
|
|
|a 9780273765295
|
| 020 |
|
|
|a 0273765299
|
| 020 |
|
|
|a 0132834871
|
| 040 |
|
|
|a DLC
|c DLC
|d YDX
|d YDXCP
|d BWX
|d DLC
|d BD-DhAAL
|
| 082 |
0 |
0 |
|a 658.3
|2 23
|
| 100 |
1 |
|
|a Robbins, Stephen P.,
|d 1943-
|
| 245 |
1 |
0 |
|a Organizational behavior /
|c Stephen P. Robbins, Timothy A. Judge.
|
| 250 |
|
|
|a Fifteenth edition.
|
| 250 |
|
|
|a Global edition.
|
| 260 |
|
|
|a Boston :
|b Pearson,
|c c2013.
|
| 300 |
|
|
|a 710 pages :
|b color illustrations ;
|c 29 cm.
|
| 504 |
|
|
|a Includes bibliographical references and index.
|
| 541 |
|
|
|e 0026246
|
| 650 |
|
0 |
|a Organizational behavior.
|
| 700 |
1 |
|
|a Judge, Tim.
|9 3212
|
| 852 |
4 |
|
|a Ayesha Abed Library
|c General Stacks
|
| 942 |
0 |
0 |
|0 3
|2 ddc
|c BK
|
| 999 |
|
|
|c 12961
|d 12961
|
| 952 |
|
|
|0 0
|1 0
|2 ddc
|4 1
|6 658_300000000000000_ROB
|7 0
|9 21432
|a BRACUL
|b BRACUL
|d 2012-11-26
|e STS International
|g 4537.00
|l 39
|m 252
|o 658.3 ROB
|p 3010026246
|r 2023-05-06
|s 2023-05-06
|t 1
|w 2012-11-26
|y BK
|x Permanently damaged and unrepairable.
|
| 952 |
|
|
|0 0
|1 0
|2 ddc
|4 0
|6 658_300000000000000_ROB
|7 0
|9 21460
|a BRACUL
|b BRACUL
|c GEN
|d 2012-11-27
|e STS International
|g 4537.00
|l 37
|m 243
|o 658.3 ROB
|p 3010026247
|r 2026-05-18
|s 2026-04-09
|t 2
|w 2012-11-27
|y BK
|
| 952 |
|
|
|0 0
|1 0
|2 ddc
|4 0
|6 658_300000000000000_ROB
|7 0
|9 21461
|a BRACUL
|b BRACUL
|c GEN
|d 2012-11-27
|e STS International
|g 4537.00
|l 39
|m 238
|o 658.3 ROB
|p 3010026248
|r 2026-04-11
|s 2025-08-13
|t 3
|w 2012-11-27
|y BK
|